Friends en 20 celui ou celle qui fait quoi - Statistiques

Statistiques générales
  • Ce quiz a été pris 1 723 fois
  • Le résultat moyen est 14 sur 20
Statistiques - réponses
Hint Réponse % Correct
Celui ou celle qui est obligé(e) d'aller à Minsk, en Biélorussie, pour essayer d'achever la « distillation positronique des particules subatomiques ». David
92%
Celui ou celle qui est témoin ou demoiselle d'honneur lors du mariage avorté de Rachel avec Barry Mindy
89%
Celui ou celle qui a deux mamans et un papa Ben
87%
Celui ou celle qui laisse en permanence les rideaux ouverts, ce qui laisse tout loisir d'observer sa vie quotidienne Le Gros tout nu
87%
Celui ou celle qui se marie avec Phoebe sous la neige qui paralyse New York Mike Hannigan
85%
Celui ou celle qui est ophtalmologiste Richard Burke
85%
Celui ou celle qui se plaint toujours du bruit et se dit être le propriétaire d'un chat perdu que Rachel avait trouvé Mr Heckles
79%
Celui ou celle qui rencontre Rachel lors d'une panne électrique et met la main aux fesses de Phoebe plus tard Paolo
78%
Celui ou celle qui tombe amoureux(se ) d'un sosie de Ross nommé Russ Julie
77%
Celui ou celle qui écrit des romans érotiques et qui est aussi la mère de Chandler Nora Tyler
76%
Celui ou celle qui est employé(e) comme assistant(e) chez Ralph Lauren par Rachel Thomas Jones, dit Tag
70%
Celui ou celle qui a été en couple avec Monica avant le début de la série Bob (Robert) « le marrant »
68%
Celui ou celle qui décide de devenir « champion(ne) d'Ultimate Fighting » Pete Becker
65%
Celui ou celle qui fume en permanence et semble cacher des cigarettes partout dans son bureau Estelle Leonard
64%
Celui ou celle qui est remplaçant(e) de Rachel lors de son congé maternité durant la saison 9, menant Rachel à reprendre le travail plus tôt que prévu de peur de perdre son travail Gavin Mitchell
61%
Celui ou celle qui prévient Joey et Chandler de ne jamais éteindre leur télévision s'ils veulent garder le porno gratuit Mr Treeger
55%
Celui ou celle qui est danseur(se) sur glace venant du Canada et qui s'est marié(e) avec Phoebe pour avoir la Carte verte Duncan
54%
Celui ou celle qui attrape la varicelle à cause de Phoebe Ryan
38%
Celui ou celle qui est gérant(e) du Central Perk et ne cache pas le fait qu'il ou elle pense que Rachel est une très mauvaise serveuse. Il ou elle lui refuse une avance sur son salaire et remplace Phoebe par une musicienne professionnelle Terry
29%
Celui ou celle qui dit avoir joué Bryce dans "La Force du destin" et a été « tué(e) dans une avalanche » dans ce feuilleton ("La Force du destin") /Dans la version française, il prétendra avoir été le bébé de J.R. Ewing dans Dallas. Gunther
28%
Aucun quiz correspondant
Distribution des résultats
% des personnes avec chaque résultat
Percentile par nombre de réponses
Votre historique - résultats
Vous n’avez pas pris ce quiz